000 00972nam a2200205Ia 4500
001 20999
003 GE_BSU
008 181216s||||||||xx |||||||||||||| ||und||
040 _cGE_BSU
245 _aბუღალტრული აღრიცხვა : №6 ივნისი (246). 2017
245 _cმთავარი რედაქტორი ლავრენტი ჭუმბურიძე. გამოც.რედ:მანანა გველესიანი.
250 _aსაქართველოს პროფესიონალ ბუღალტერთა და აუდიტორთა ფედერაცია.
260 _aთბილისი
260 _c2017
300 _a630გვ. ; 30სმ.
653 _aბუღალტერია
653 _aბუღალტრული აღრიცხვა : №6 ივნისი (246). 2017
653 _aპერიოდიკა
942 _cCR
999 _c53948
_d53948